| 000 | 05422cam a22004457i 4500 | ||
|---|---|---|---|
| 001 | data | ||
| 005 | 20260322212116.0 | ||
| 008 | data | ||
| 035 | _a21293301 | ||
| 906 |
_a7 _bcbc _ccopycat _d3 _encip _f20 _gy-gencatlg |
||
| 925 | 0 |
_aacquire _b1 shelf copy _xpolicy default |
|
| 010 | _a 2019459605 | ||
| 016 | 7 |
_a1182184200 _2DE-101 |
|
| 020 |
_a9783446263741 _qhardbound) _qhardbound) |
||
| 020 |
_a3446263748 _qhardbound) _qhardbound) |
||
| 035 | _a(OCoLC)1121193955 | ||
| 040 |
_aOHX _beng _cOHX _erda _dDLC _dUBY _dOCLCF _dCLU _dSTF _dVVC _dBDF _dOCLCO _dOCLCQ _dDLC |
||
| 042 | _alccopycat | ||
| 050 | 0 | 0 |
_aPT2671.O344 _bM37 2019 |
| 082 | 0 | 4 |
_a398.209 43 _223 |
| 100 | 1 |
_aKöhlmeier, Michael, _d1949- _eauthor. |
|
| 245 | 1 | 4 |
_aDie Märchen / _cMichael Köhlmeier ; mit Bildern von Nikolaus Heidelbach. |
| 250 | _a1. Auflage. | ||
| 264 | 1 |
_aMünchen : _bCarl Hanser Verlag, _c2019. |
|
| 300 |
_a806 pages : _bcolor illustrations ; _c25 cm |
||
| 336 |
_atext _btxt _2rdacontent |
||
| 337 |
_aunmediated _bn _2rdamedia |
||
| 338 |
_avolume _bnc _2rdacarrier |
||
| 505 | 0 | 0 |
_tDie Horde der bewaffneten Ungeborenen. _tTrotzkopf und Dickbauch -- _tDie Traurige -- _tDie wilden Reiter -- _tDer Mund -- _tDer Reiter am Morgen -- _tWenn ich euer Gott wäre -- _tDer Jäger und der Skorpion -- _tDer Mummelsee -- _tDer Heilige Ägidius -- _tAuf nach Jerusalem! -- _tDer Eferdinger Lügenbold -- _tParacelsus und Luzifer -- _tDie Wilde Jagd -- _tHerr Pompo -- _tJako Buttermilch und der Hexer Gorgonsolo -- _tDas Herz des Riesen -- _tDie Stunde ist da -- _tDie Wilde -- _tHans und Lore -- _tDer unheimliche Gast -- _tRipp vom Winkel -- _tBurg Rannariedl -- _tDas Gasthaus zum Roten Mandl -- _tDas Pechmandl -- _tDas Käuzchen von Rauhenstein -- _tDas Stäble -- _tDer Spielmann von Haslach -- _tSebastian Inwendig -- _tDer Floh und der Teufel -- _tDer neidische Arzt -- _tDer gute Lappen -- _tSchneeblume -- _tDie drei Farben -- _tKasgsichtl -- _tAstor und Pulja -- _tJossele und der Dibbuk -- _tDer Dumme -- _tDie Moorfrau -- _tJoker -- _tAls ich jung war -- _tHorchinsland -- _tDas grosse Klatschen -- _tDie Möbel -- _tDas Gespensterheer -- _tDie Magdeburger Hochzeit -- _tBei den Goldfischteichen -- _tDas Brot und das Messer -- _tDer alte Hundling -- _tDer Fundevogel -- _tDer Galgen -- _tDer Geisterzug -- _tDer Mantel -- _tDer Mond -- _tMann und Löwe -- _tBier aus Eierschalen -- _tDas Kasmandl -- _tDas Raudale -- _t"Dass ich alles verstehe" -- _tDer Schmied und seine kluge Frau -- _tDer Eisenmann -- _tHeinrich der Löwe -- _tDie Heilige Kümmernis -- _tDer Heilige Donatus -- _tDas weisse Hemd -- _tDoktor Faustus in Salzburg -- _tDie grosse Ernte -- _tPassauer Zeddeln -- _tSpieler und Pest -- _tWenn ich es will -- _tDie Sibylle von der Teck -- _tEin bisschen eine Hexe -- _tFrau Hitt -- _tDer Schatz im Gasteinertal -- _tDie Fenggen -- _tDie Pest in Bichl -- _tDie schöne Myra von Müggendorf -- _tDie schönen Frauen von Lech -- _tMaria im Schatten von Lockenhaus -- _tDer Handwerksbursch vom Prackersberg -- _tDer Wagnerloisl -- _tEin Wintermitternachtsmärchen -- _tDer graue Erik -- _tHansdoch und seine Tiere -- _tJoringel und Jorinde -- _tDer Palast aus Kristall -- _tDer Sägenfeiler -- _tDer schwarze Käfer -- _tDer Teufel und der Doktor -- _tDer Wacholderbaum -- _tDas Goldloch bei Mautern -- _tDas Nachtvolk -- _tDer Ötscher -- _tDer Watzmann -- _tDie goldene Gret -- _tVila, die Waldfee -- _tVom schönen Zacharias -- _tTeufel und Vagabund -- _tBurgherr von Kaps und Ritter von Münichan -- _tDas geheimste der geheimen Märchen -- _tDas Sonntagskind -- _tMusikant und Wolf -- _tNachtschatten -- _tKlein-Weiss-Ich-Nicht -- _tDie kalte Pein -- _tHeiligenblut -- _tNiemand -- _tPumpeter -- _tSochiti Loch und Kogolkin Fach -- _tWie aus den einen die anderen wurden -- _tDer beste Dieb der Welt -- _tRotz-Risto -- _tDie Mordau -- _tDer liebe Augustin -- _tDer Stock im Eisen -- _tDer Teufel und der Erler Wind -- _tDer Tod als Lebensretter -- _tDas Trauerkirchlein bei Ossiach -- _tDas Villinger Thalfräule -- _tDie steinerne Hand -- _tDie steinerne Jungfrau -- _tWolf Dietrich und der Erzengel Gabriel -- _tDer die Schlangen tötet -- _tDer feurige Tatzelwurm -- _tDie Bamberger Weberskatz -- _tVon der seligen Hemma -- _tDie Ballade vom Franzosenbrunnen in Redlham -- _tDer Neusiedlersee -- _tDer böse Mélac -- _tDer Gefangene auf Dürnstein -- _tZwölf Knaben -- _tDer Mehlsack -- _tGrünbart -- _tReiter in der Nacht -- _tWie Gott der Herr in Begleitung eines Spielmanns ging -- _tDer Kegler vom Stephansturm -- _tHans Puchsbaum und der Nordturm -- _tDer Mönch von Coburg -- _tDer nicht schlafen kann -- _tWirbelwindhexe -- _tDer Schusterstein bei Grein -- _tRappenschaichen -- _tDie arme Hemma -- _tFriedl mit der leeren Tasche -- _tDie Bognerin -- _tDie Stadt im Lautergrund -- _tDie goldenen Haare -- _tSchloss Reussenstein -- _tHondidldo -- _tDie Natternkönigin -- _tDie Horde der bewaffneten Ungeborenen. |
| 520 | _a151 short stories, written by Köhlmeier, for our time. These are original compositions, not retellings of folkloric material, though there is considerable formal resemblance. | ||
| 650 | 0 | _aFairy tales. | |
| 650 | 7 |
_aFairy tales. _2fast _0(OCoLC)fst00919916 |
|
| 655 | 7 |
_aFairy tales. _2fast _0(OCoLC)fst01726605 |
|
| 655 | 7 |
_aFairy tales. _2lcgft |
|
| 700 | 1 |
_aHeidelbach, Nikolaus, _eillustrator. |
|
| 923 |
_d20191030 _n0213732 _sGyWOH |
||
| 985 | _eVENDOR LOAD | ||
| 999 |
_c1754 _d1754 |
||